Years of Destiny : (Record no. 187356)

000 -LEADER
fixed length control field 00849 a2200169 4500
003 - CONTROL NUMBER IDENTIFIER
control field Nust
005 - DATE AND TIME OF LATEST TRANSACTION
control field 20230202134451.0
040 ## - CATALOGING SOURCE
Transcribing agency Nust
082 ## - DEWEY DECIMAL CLASSIFICATION NUMBER
Classification number 954,COA
100 ## - MAIN ENTRY--PERSONAL NAME
Personal name Coatman. J
9 (RLIN) 50446
245 ## - TITLE STATEMENT
Title Years of Destiny :
Remainder of title India 1926-1932 /
Statement of responsibility, etc. J Coatman CIE
260 ## - PUBLICATION, DISTRIBUTION, ETC.
Place of publication, distribution, etc. London
Name of publisher, distributor, etc. Jonathan Cape
Linkage 1932
300 ## - PHYSICAL DESCRIPTION
Extent 384:p
505 ## - FORMATTED CONTENTS NOTE
Formatted contents note Prolegomena to History (Page-13), The Political Foundations of Modern British (Page-28), Material and Moral Foundations of Modern India (Page-51) Prologue to 1926 (Page-63), Parties and Personalities in India (Page-86), The Opening Scene (Page-115), Drifiting into Disnity (Page-164), Indis Divided (Page-197), 1929 (Page-233), Mr Gandhi Counter Offensive (Page-275), The Conference Opens (Page-305), Vicery and Mahatma (Page-329), The Darkest Hour (Page-363).
650 ## - SUBJECT ADDED ENTRY--TOPICAL TERM
Topical term or geographic name entry element India
9 (RLIN) 25356
942 ## - ADDED ENTRY ELEMENTS (KOHA)
Source of classification or shelving scheme
Koha item type Book
Holdings
Withdrawn status Lost status Source of classification or shelving scheme Damaged status Not for loan Permanent Location Current Location Shelving location Date acquired Shelving control number Full call number Barcode Date last seen Price effective from Koha item type Public note
          Military College of Signals (MCS) Military College of Signals (MCS) General Stacks 12/12/2016 History 954,COA MCS29417 12/08/2016 12/12/2016 Book Almirah No.61, Shelf No.2
© 2023 Central Library, National University of Sciences and Technology. All Rights Reserved.